000 00297cam a2200121ua 4500
999 _c7450
_d7450
082 _a531.3
_bCHA/TE
100 _aCharlton, F .
_93127
245 _aText book of dynamics /
250 _a2 /
260 _aNew Delhi :
_bC B S Publishers & Distributers ,
_c1985.
300 _a271 ; .
942 _cBK